Planificación de la comunicación para el desarrollo

Guardat en:
Dades bibliogràfiques
Autor principal: Hancock, Alan (Autor)
Format: Llibre
Idioma:espanyol
Publicat: Quito CIESPAL 1981
Matèries:
Etiquetes: Afegir etiqueta
Sense etiquetes, Sigues el primer a etiquetar aquest registre!

MARC

LEADER 00000nam a2200000 a 4500
001 UCZ7967
003 CL-VaPUC
008 960112e19810000EC |||||||||||||||||spa|d
082 0 4 |a 621.38  |b HAN  |2 21 
100 0 |a Hancock, Alan  |e author  |9 353024 
245 1 0 |a Planificación de la comunicación para el desarrollo 
300 |a 222 p 
942 |c BK 
945 |d 19960112 00:00:00  |a cmena 
260 |a Quito  |b CIESPAL  |c 1981 
650 7 |a GESTION DE LA COMUNICACION  |2 CL-VaPUC  |9 335543 
650 7 |a TECNOLOGIA DE LAS COMUNICACIONES  |2 CL-VaPUC  |9 338274 
650 7 |a INVESTIGACION EN LA COMUNICACION  |2 CL-VaPUC  |9 353025 
650 0 |a Desarrollo económico y social   |9 256320 
583 |a last modification  |c 20160928 12:57:19  |k Rodrigo Vera 
999 |c 243940  |d 243938 
952 |0 0  |1 0  |4 0  |6 621_380000000000000_HAN_1981  |7 0  |8 P  |9 257823  |a BIBEDU  |b BIBEDU  |c BIBEDU_PB  |d 2019-11-19  |i 1615467  |o 621.38 HAN 1981  |p 1615467  |r 2024-01-25  |w 2019-11-19  |y BK  |k EDU 
952 |0 0  |1 0  |4 0  |6 621_380000000000000_HAN_1981  |7 0  |8 P  |9 257824  |a BIBEDU  |b BIBEDU  |c BIBEDU_PB  |d 2019-11-19  |i 3224856  |o 621.38 HAN 1981  |p 3224856  |r 2024-01-25  |w 2019-11-19  |y BK  |k EDU